000 03532cam a22003738i 4500
001 21389463
003 OSt
005 20220408151131.0
008 200116s2020 nyu b 001 0 eng
010 _a 2020002341
020 _a9781138495005
040 _aDLC
_beng
_erda
_cDLC
042 _apcc
050 0 0 _aHC79.E5
_bS71153 2020
082 0 0 _a658.4092
_21
_bSTAP
100 1 _aStanwick, Peter A
_928628
245 1 0 _aCorporate sustainability leadership /
_cBy Peter A. Stanwick and Sarah D. Stanwick.
250 _a1st ed.
263 _a2007
264 1 _aNew York :
_bRoutledge,
_c2020.
300 _aVi, 354p. ;
_c23.5 cm.
336 _atext
_btxt
_2rdacontent
337 _aunmediated
_bn
_2rdamedia
338 _avolume
_bnc
_2rdacarrier
504 _aIncludes bibliographical references and index.
520 _a"Corporate sustainability, now regarded as a vitally important topic on the agenda for businesses, has in recent years not only become embedded in postgraduate study, but is now also widely taught at the undergraduate level in business schools. Corporate Sustainability Leadership reflects the growing need for an accessible text at all levels of study. The book brings the topic of corporate sustainability fully up to date by incorporating new directions in the areas of corporate responsibility and sustainability. Written by the authors of the highly successful Understanding Business Ethics, this book provides a primary textbook for any undergraduate or graduate corporate sustainability class. Unlike other textbooks in corporate sustainability, which are often edited collections from multiple authors, this textbook develops themes throughout each chapter using a consistent voice to ensure an integrative learning experience for both students and instructors. With ten chapters and ten cases, all of which are supplemented with online test banks, instructor guides and powerpoint slides, this textbook provides enough content for a complete class on corporate sustainability. Using stakeholder theory as a foundation, Corporate Sustainability Leadership allows readers to develop a better understanding of how organizations can effectively satisfy the needs of their critical stakeholders. It addresses the issues of corporate sustainability from both a micro and macro perspective. Micro issues related to corporate sustainability include leadership, organizational change, management decision making, human resource organizational strategies, organizational ethics, organizational culture, corporate sustainability reporting, corporate sustainability performance and corporate compliance. The macro issues addressed in the textbook include suppliers, corporate sustainability communications, consumers, the natural environment, governments, NGOs and the developing world. In addition, there are ten unique company cases from organizations that are household names, such as Bayer, Shell, Volkswagen and Dow Chemical"--
_cProvided by publisher.
650 0 _aLeadership and organizational change and corporate sustainability
_928629
650 0 _aCorporate sustainability reporting performance and corporate compliance
_928630
700 1 _aStanwick, Sarah D.
_928631
776 0 8 _iOnline version:
_aStanwick, Peter A, 1960-
_tCorporate sustainability leadership
_bFirst.
_dNew York : Routledge, 2020.
_z9781351024983
_w(DLC) 2020002342
906 _a7
_bcbc
_corignew
_d1
_eecip
_f20
_gy-gencatlg
942 _2ddc
_cBK
_e1st
_k658.4092 STAP
999 _c222295
_d222295